Подробности
| 000 -МАРКЕР |
| контрольное поле |
02160nam0a22003971 4500 |
| 001 - ИДЕНТИФИКАТОР ЗАПИСИ |
| контрольное поле |
rc\4549335 |
| 005 - ИДЕНТИФИКАТОР ВЕРСИИ |
| контрольное поле |
20260407082827.0 |
| 010 ## - МЕЖДУНАРОДНЫЙ СТАНДАРТНЫЙ НОМЕР КНИГИ (ISBN) |
| Уточнения |
В пер. |
| Цена |
1 р. 23 к. |
| Тираж |
5500 |
| 021 ## - НОМЕР ГОСУДАРСТВЕННОЙ РЕГИСТРАЦИИ |
| Код страны |
Российская Федерация |
| Номер |
[66-62791] |
| 035 ## - ДРУГИЕ СИСТЕМНЫЕ НОМЕРА |
| Идентификатор записи |
(NLR Aleph) 008640296 |
| 100 ## - ДАННЫЕ ОБЩЕЙ ОБРАБОТКИ |
| Данные общей обработки |
20130416d1966 |||y0rusy50 ca |
| 101 0# - ЯЗЫК РЕСУРСА |
| Язык текста, звукозаписи и т.д. |
русский |
| 102 ## - СТРАНА ПУБЛИКАЦИИ ИЛИ ПРОИЗВОДСТВА |
| Страна публикации |
Российская Федерация |
| 105 ## - ПОЛЕ КОДИРОВАННЫХ ДАННЫХ: ТЕКСТОВЫЕ МАТЕРИАЛЫ, МОНОГРАФИЧЕСКИЕ |
| Кодированные данные о монографическом текстовом документе |
a z ||||b |
| 200 1# - ЗАГЛАВИЕ И СВЕДЕНИЯ ОБ ОТВЕТСТВЕННОСТИ |
| Основное заглавие |
Бартоломе де Лас-Касас |
| Сведения, относящиеся к заглавию |
к истории завоевания Америки |
| -- |
[сборник статей |
| Первые сведения об ответственности |
ред. коллегия: д-р ист. наук И.Р. Григулевич (отв. ред.) и др.] |
| Последующие сведения об ответственности |
АН СССР. Ин-т этнографии им. Н.Н. Миклухо-Маклая |
| 210 ## - ПУБЛИКАЦИЯ, РАСПРОСТРАНЕНИЕ И ДР. |
| Место издания, распространения и т.д. |
Москва |
| Имя издателя, распространителя и т. д. |
Наука |
| Дата издания, распространения и т.д. |
1966 |
| 215 ## - ФИЗИЧЕСКАЯ ХАРАКТЕРИСТИКА |
| Специфическое обозначение материала и объем |
228 с., 1 л. ил. |
| Другие сведения о физической характеристике |
ил. |
| Размеры |
22 |
| 320 ## - ПРИМЕЧАНИЯ О НАЛИЧИИ В ДОКУМЕНТЕ БИБЛИОГРАФИИ / УКАЗАТЕЛЯ |
| Текст примечания |
Библиогр. обзор и библиогр. / сост. В.Л. Афанасьев: с. 180-227 |
| 517 1# - ДРУГИЕ ВАРИАНТЫ ЗАГЛАВИЯ |
| Вариант заглавия |
К истории завоевания Америки |
| 540 1# - ДОПОЛНИТЕЛЬНОЕ ЗАГЛАВИЕ, ПРИМЕНЯЕМОЕ КАТАЛОГИЗАТОРОМ |
| Заглавие |
Лас-Касас Бартоломе де |
| 600 #1 - ИМЯ ЛИЦА КАК ПРЕДМЕТ |
| Начальный элемент ввода |
Лас Касас |
| Часть имени, кроме начального элемента ввода |
Б. де |
| Даты |
1474-1566 |
| Расширение инициалов личного имени |
Бартоломе де |
| Системный номер авторитетной/нормативной записи |
2597625 |
| Идентификатор авторитетной/нормативной записи |
RU\NLR\AUTH\661534737 |
| 606 ## - НАИМЕНОВАНИЕ ТЕМЫ КАК ПРЕДМЕТ |
| Наименование темы |
Историография |
| Географический подзаголовок |
Испания |
| Хронологический подзаголовок |
16 в. |
| Системный номер авторитетной/нормативной записи |
1221238 |
| Идентификатор авторитетной/нормативной записи |
RU\NLR\AUTH\66496967 |
| 606 ## - НАИМЕНОВАНИЕ ТЕМЫ КАК ПРЕДМЕТ |
| Наименование темы |
Колониальная политика Испании в Латинской Америке |
| Хронологический подзаголовок |
15-16 вв. |
| Код системы |
nlr_sh1 |
| 607 ## - ГЕОГРАФИЧЕСКОЕ НАИМЕНОВАНИЕ КАК ПРЕДМЕТ |
| Географическое наименование |
Испания |
| Тематический подзаголовок |
Колониальная политика |
| Географический подзаголовок |
Латинская Америка |
| Хронологический подзаголовок |
16 в. |
| Системный номер авторитетной/нормативной записи |
978370 |
| Идентификатор авторитетной/нормативной записи |
RU\NLR\AUTH\6649273 |
| 686 1# - ИНДЕКСЫ ДРУГИХ КЛАССИФИКАЦИЙ |
| Индекс |
Т3(4Ис)4-69 |
| 686 1# - ИНДЕКСЫ ДРУГИХ КЛАССИФИКАЦИЙ |
| Индекс |
Т3(70)4-5 |
| 702 #1 - ИМЯ ЛИЦА - ВТОРИЧНАЯ ОТВЕТСТВЕННОСТЬ |
| Код отношения |
Прочие |
| Материалы, к которым относится поле |
rus |
| Графика поля |
Кириллица |
| Начальный элемент ввода |
Лас Касас |
| Часть имени, кроме начального элемента ввода |
Б. де |
| Даты |
1474-1566 |
| Расширение инициалов личного имени |
Бартоломе де |
| Идентификатор авторитетной/нормативной записи |
RU\NLR\AUTH\770132193 |
| Системный номер авторитетной/нормативной записи |
132159 |
| 702 #1 - ИМЯ ЛИЦА - ВТОРИЧНАЯ ОТВЕТСТВЕННОСТЬ |
| Код отношения |
Редактор |
| Материалы, к которым относится поле |
rus |
| Графика поля |
Кириллица |
| Начальный элемент ввода |
Григулевич |
| Часть имени, кроме начального элемента ввода |
И. Р. |
| Дополнения к именам, кроме дат |
д-р ист. наук |
| Даты |
1913-1988 |
| Расширение инициалов личного имени |
Иосиф Ромуальдович |
| Идентификатор авторитетной/нормативной записи |
RU\NLR\AUTH\7713732 |
| Системный номер авторитетной/нормативной записи |
123414 |
| 712 02 - НАИМЕНОВАНИЕ ОРГАНИЗАЦИИ - ВТОРИЧНАЯ ОТВЕТСТВЕННОСТЬ |
| Код отношения |
Издатель |
| Начальный элемент ввода |
Институт этнографии им. Н. Н. Миклухо-Маклая |
| Идентифицирующий признак |
Москва |
| Идентификатор авторитетной/нормативной записи |
RU\NLR\AUTH\888946 |
| Системный номер авторитетной/нормативной записи |
290399 |
| 801 #0 - ИСТОЧНИК ЗАПИСИ |
| Страна |
Российская Федерация |
| Организация |
NLR |
| Правила каталогизации |
psbo |
| 801 #1 - ИСТОЧНИК ЗАПИСИ |
| Страна |
Российская Федерация |
| Организация |
ELAR |
| Источник данных |
rusmarc |
| 852 ## - МЕСТОНАХОЖДЕНИЕ И ШИФР ХРАНЕНИЯ |
| Идентификатор организации |
NLR |
| Шифр хранения (Call Number) |
66-5/4023 |
| 942 ## - ДОПОЛНИТЕЛЬНЫЕ ЭЛЕМЕНТЫ ЗАПИСИ (АБИС) |
| Тип экземпляра АБИС |
Книга |
| 980 ## - КОЛЛЕКЦИЯ |
| Название коллекции |
Национальная библиография |